| 000 -ლიდერი |
| ფიქსირებული სიგრძის საკონტროლო ველი |
01574nam a2200265Ia 4500 |
| 001 - საკონტროლო ნომერი |
| საკონტროლო ველი |
17625 |
| 003 - საკონტროლო ნომრის იდენტიფიკატორი |
| საკონტროლო ველი |
GE_BSU |
| 005 - ბოლო ოპერაციის თარიღი და დრო |
| საკონტროლო ველი |
20200220150918.0 |
| 008 - ფიქსირებული სიგრძის მონაცემთა ელემენტები - ზოგადი ინფორმაცია |
| ფიქსირებული სიგრძის საკონტროლო ველი |
181216s2012ge xx |||||||||||||| ||geo|| |
| 020 ## - წიგნის საერთაშორისო სტანდარტული ნომერი |
| International Standard Book Number |
978-9941-0-4889-0 |
| 040 ## - კატალოგიზაციის წყარო |
| Transcribing agency |
GE_BSU |
| 041 ## - ენის კოდი |
| Language code of text/sound track or separate title |
geo |
| 080 ## - უნივერსალური ათობითი კლასიფიკაციის ინდექსი |
| Universal Decimal Classification number |
371.26 ბ-32 |
| 100 ## - მთავარი ჩანაწერი - პიროვნების სახელი |
| Personal name |
ბაქრაძე, მაია. |
| 9 (RLIN) |
7254 |
| 245 ## - ცნობა სათაურის შესახებ |
| Title |
სასიცოცხლო უნარები : |
| Remainder of title |
მასწავლებლის სახელმძღვანელო / |
| Statement of responsibility, etc |
მაია ბაქრაძე ; მეჰდიევა, ნაზაკეტ ბაჰტიარ ; ქეთევან კობალაძე ; რედ. თამარ ხატიაშვილი. |
| 264 ## - წარმოების, გამოცემის, დისტრიბუციის და სხვა ცნობები |
| გამოცემის, წარმოების, დისტრიბუციის... ადგილი |
თბილისი : |
| გამოცემის, წარმოების, დისტრიბუციის... სახელწოდება |
სამოქალაქო განვითარების ინ-ტი, შპს "მწიგნობარის" სტ, |
| გამოცემის, წარმოების, დისტრიბუციის... თარიღი |
2012. |
| 300 ## - ფიზიკური აღწერა |
| Extent |
122 გვ; |
| Other physical details |
ცხრ; |
| Dimensions |
21 სმ. |
| 504 ## - BIBLIOGRAPHY, ETC. NOTE |
| Bibliography, etc |
ბიბლიოგრ.: გვ. 121 |
| 653 ## - INDEX TERM--UNCONTROLLED |
| Uncontrolled term |
პედაგოგიკა |
| 653 ## - INDEX TERM--UNCONTROLLED |
| Uncontrolled term |
სწავლების მეთოდები; მოსწავლეთა უნარების განვითარება; მოსწავლეთა შეფასება |
| 700 ## - ADDED ENTRY--PERSONAL NAME |
| Personal name |
მეჰდიევა, ნაზაკეტ ბაჰტიარ |
| 9 (RLIN) |
7255 |
| 700 ## - ADDED ENTRY--PERSONAL NAME |
| Personal name |
კობალაძე, ქეთევან |
| 9 (RLIN) |
7256 |
| 700 ## - ADDED ENTRY--PERSONAL NAME |
| Personal name |
ხატიაშვილი, თამარ |
| Relator term |
რედაქტორი |
| 9 (RLIN) |
7257 |
| 942 ## - ADDED ENTRY ELEMENTS (KOHA) |
| Koha item type |
წიგნი |
| Source of classification or shelving scheme |
|